Vysokoškolská didaktika ekonomických študijných odborov Špecializované štúdium pedagogiky

Bibliographic Details
Main Author: Kontšek, Ján (Author)
Format: Book
Language:Slovak
PhysicalDescription:251 s. sch., tab. 29 cm
Published: Bratislava Vysoká škola ekonomická 1988
Edition:1. vyd.
Series:Vysokoškolské skriptá
Subjects:

MARC

LEADER 00000cam a2200000 a 4500
001 vtls001122084
003 SK-MaSNL
005 20260301183115.0
008 240513s1988 xo f np 00000 slo
015 |a SNBA1988/09 
035 |a SNK000064927 
040 |a SNK  |b slo  |c SNK  |e AACR2 
041 0 |a slo 
044 |a xo  |c SK 
080 |a 37.02(075.8)  |2 1981 
100 1 |a Kontšek, Ján  |4 aut  |9 279222 
245 1 0 |a Vysokoškolská didaktika ekonomických študijných odborov  |b Špecializované štúdium pedagogiky  |c Ján Kontšek 
250 |a 1. vyd. 
260 |a Bratislava  |b Vysoká škola ekonomická  |c 1988  |e Bratislava  |f Edičné stredisko VŠE 
300 |a 251 s.  |b sch., tab.  |c 29 cm 
366 |e 150 výtl. 
490 1 |a Vysokoškolské skriptá 
504 |a Obsahuje bibliografiu 
650 0 7 |a didaktika  |2 SNKPH  |9 3484 
655 7 |a učebnice vysokých škôl  |2 SNKPH  |9 70191 
655 7 |a Textbooks (higher)  |2 SNKPHeng  |9 276436 
830 0 |a Vysokoškolské skriptá  |9 276440 
852 |a Slovenská národná knižnica 
954 |a odborná, vedecká literatúra pôvodná (slovenská)  |2 lita 
958 |a OND 
958 |a NB 
958 |a RM 
958 |a UV 
999 |c 855886  |d 857816 
952 |a SNK  |b SNK  |y PREZ  |7 0  |p 17A0833414  |o snkSB 43528   |0 0  |1 0  |4 0  |d 2012-07-12  |f 1  |l 0  |r 2025-05-09 00:00:00  |w 2026-02-24 
952 |t P60, <04>, [BOOK], {604}  |a SNK  |b SNK  |y VYP  |7 0  |p 17A0155990  |o snkSB 43528 D1  |0 0  |1 0  |4 0  |d 1998-08-21  |l 0  |r 2004-12-31 00:00:00  |w 2026-02-24